<?xml version="1.0" encoding="UTF-8"?>
<record
    xmlns:xsi="http://www.w3.org/2001/XMLSchema-instance"
    xsi:schemaLocation="http://www.loc.gov/MARC21/slim http://www.loc.gov/standards/marcxml/schema/MARC21slim.xsd"
    xmlns="http://www.loc.gov/MARC21/slim">

  <leader>01563nam a22003737a 4500</leader>
  <controlfield tag="001">BRCA_9426</controlfield>
  <controlfield tag="003">FranzMayer</controlfield>
  <controlfield tag="005">20230918130523.0</controlfield>
  <controlfield tag="008">230906b        |||||||| |||| 00| 0 eng d</controlfield>
  <datafield tag="020" ind1=" " ind2=" ">
    <subfield code="a">8497851692</subfield>
  </datafield>
  <datafield tag="040" ind1=" " ind2=" ">
    <subfield code="a">MFM</subfield>
    <subfield code="b">ESPA&#xD1;OL</subfield>
    <subfield code="c">MFM</subfield>
  </datafield>
  <datafield tag="050" ind1=" " ind2="0">
    <subfield code="a">PQ6323.A1</subfield>
    <subfield code="b">A38 2005</subfield>
  </datafield>
  <datafield tag="110" ind1="1" ind2=" ">
    <subfield code="4">Responsable</subfield>
    <subfield code="a">Ajuntament de Barcelona</subfield>
    <subfield code="9">29667</subfield>
  </datafield>
  <datafield tag="240" ind1=" " ind2=" ">
    <subfield code="a">El Quijote y Barcelona</subfield>
    <subfield code="l">Espa&#xF1;ol</subfield>
  </datafield>
  <datafield tag="245" ind1="0" ind2=" ">
    <subfield code="a">El Quijote y Barcelona</subfield>
  </datafield>
  <datafield tag="260" ind1=" " ind2=" ">
    <subfield code="a">Barcelona, Espa&#xF1;a</subfield>
    <subfield code="b">Ajuntament de Barcelona</subfield>
    <subfield code="c">2005</subfield>
  </datafield>
  <datafield tag="300" ind1=" " ind2=" ">
    <subfield code="a">196 p</subfield>
    <subfield code="b">Ilustraciones a color</subfield>
    <subfield code="c">30 cm</subfield>
  </datafield>
  <datafield tag="500" ind1=" " ind2=" ">
    <subfield code="a">Anexo 1</subfield>
  </datafield>
  <datafield tag="500" ind1=" " ind2=" ">
    <subfield code="a">Incluye una tarjeta a color en la primer p&#xE1;gina con m&#xE1;s informaci&#xF3;n sobre el material </subfield>
  </datafield>
  <datafield tag="505" ind1=" " ind2=" ">
    <subfield code="a">Texto en: espa&#xF1;olIncluye &#xED;ndice tem&#xE1;ticoDirigido a: personas con inter&#xE9;s en el Quijote de la Mancha</subfield>
  </datafield>
  <datafield tag="650" ind1="1" ind2=" ">
    <subfield code="2">Literatura espa&#xF1;ola</subfield>
    <subfield code="a">Cervantes de Saavedra, Miguel </subfield>
    <subfield code="v">Obras de Cervantes</subfield>
    <subfield code="9">29668</subfield>
  </datafield>
  <datafield tag="651" ind1="2" ind2=" ">
    <subfield code="2">Don Quijote de la Mancha</subfield>
    <subfield code="a">Cat&#xE1;logos</subfield>
    <subfield code="v">El Quijote y Barcelona </subfield>
    <subfield code="9">29669</subfield>
  </datafield>
  <datafield tag="700" ind1="1" ind2=" ">
    <subfield code="4">Colaborador </subfield>
    <subfield code="a">Blecua, Alberto</subfield>
    <subfield code="9">29670</subfield>
  </datafield>
  <datafield tag="700" ind1="1" ind2=" ">
    <subfield code="4">Colaborador </subfield>
    <subfield code="a">Burgos Rinc&#xF3;n, Javier</subfield>
    <subfield code="9">29671</subfield>
  </datafield>
  <datafield tag="700" ind1="1" ind2=" ">
    <subfield code="4">Colaborador </subfield>
    <subfield code="a">Canavaggio, Jean</subfield>
    <subfield code="9">29672</subfield>
  </datafield>
  <datafield tag="700" ind1="1" ind2=" ">
    <subfield code="4">Colaborador </subfield>
    <subfield code="a">J. Close, Anthony</subfield>
    <subfield code="9">29673</subfield>
  </datafield>
  <datafield tag="700" ind1="1" ind2=" ">
    <subfield code="4">Colaborador </subfield>
    <subfield code="a">Garc&#xED;a C&#xE1;rcel, Ricardo</subfield>
    <subfield code="9">29674</subfield>
  </datafield>
  <datafield tag="700" ind1="1" ind2=" ">
    <subfield code="4">Colaborador </subfield>
    <subfield code="a">Garc&#xED;a Espuche, Albert</subfield>
    <subfield code="9">29675</subfield>
  </datafield>
  <datafield tag="700" ind1="1" ind2=" ">
    <subfield code="4">Colaborador </subfield>
    <subfield code="a">Pe&#xF1;a, Manuel</subfield>
    <subfield code="9">29676</subfield>
  </datafield>
  <datafield tag="700" ind1="1" ind2=" ">
    <subfield code="4">Colaborador </subfield>
    <subfield code="a">Riera, Carme</subfield>
    <subfield code="9">29677</subfield>
  </datafield>
  <datafield tag="700" ind1="1" ind2=" ">
    <subfield code="4">Colaborador </subfield>
    <subfield code="a">R&#xED;quer de, Mart&#xED;</subfield>
    <subfield code="9">29678</subfield>
  </datafield>
  <datafield tag="700" ind1="1" ind2=" ">
    <subfield code="4">Colaborador </subfield>
    <subfield code="a">Ser&#xE9;s, Guillermo</subfield>
    <subfield code="9">29679</subfield>
  </datafield>
  <datafield tag="942" ind1=" " ind2=" ">
    <subfield code="2">lcc</subfield>
    <subfield code="c">B</subfield>
  </datafield>
  <datafield tag="999" ind1=" " ind2=" ">
    <subfield code="c">11048</subfield>
    <subfield code="d">11048</subfield>
  </datafield>
  <datafield tag="952" ind1=" " ind2=" ">
    <subfield code="0">0</subfield>
    <subfield code="1">0</subfield>
    <subfield code="2">lcc</subfield>
    <subfield code="4">0</subfield>
    <subfield code="7">0</subfield>
    <subfield code="8">FCON</subfield>
    <subfield code="a">BRCA</subfield>
    <subfield code="b">BRCA</subfield>
    <subfield code="d">2023-09-06</subfield>
    <subfield code="l">0</subfield>
    <subfield code="o">PQ6323.A1 A38 2005</subfield>
    <subfield code="p">CONT10199</subfield>
    <subfield code="r">2023-09-06 00:00:00</subfield>
    <subfield code="w">2023-09-06</subfield>
    <subfield code="y">B</subfield>
  </datafield>
</record>
